Análisis de uniones viga columna con elementos de 12 cm de espesor y distintos detalles de armado para uso en vivienda

Gorde:
Xehetasun bibliografikoak
Egile nagusia: Solís González, Andrea, 1994-
Beste egile batzuk: Navas Carro, Alejandro, 1967- Director del TFG
Formatua: Ezezaguna
Argitaratua: [San José], Costa Rica 2019
Gaiak:
Etiketak: Etiketa erantsi
Etiketarik gabe, Izan zaitez lehena erregistro honi etiketa jartzen!

MARC

LEADER 00000 a2200000 4500
003 013147
005 20230510140743.0
008 140114s2019 cr a m 000 ||s d
040 |c cru CEDI 
100 |a Solís González, Andrea, 1994-  |9 537 
245 |a Análisis de uniones viga columna con elementos de 12 cm de espesor y distintos detalles de armado para uso en vivienda 
260 |c 2019  |a  [San José], Costa Rica 
500 |a Proyecto de graduación (licenciatura en ingeniería civil)--Universidad de Costa Rica. Facultad de Ingeniería. Escuela de Ingeniería Civil. 
650 |x ANALISIS ESTRUCTURAL (INGENIERIA)  |x VIGAS DE HORMIGON - PRUEBAS  |x UNIONES (INGENIERIA) - EVALUACION   |x COLUMNAS DE HORMIGON - PRUEBAS   |x DUCTILIDAD   |x VIVIENDAS - DISEÑO DE ESTRUCTURAS - PRUEBAS  
700 |9 142  |a Navas Carro, Alejandro, 1967-  |d Director del TFG 
942 |c CEDI  |h TFG 8297  |6 TFG_8297_000000000000000 
999 |c 11664  |d 11664